LEADER 01105nam a2200277 a 4500 001 000000127113 003 CaOOAMICUS 005 20111118135113.0 008 111118s2010 it u000 u ita r 020 $a978-88-213-0764-5 040 $aPUL$bita 082 04$a270.5 100 1 $aGuiducci, Pier Luigi,$d1951-$0(OLS)http://pul/name/33499 245 12$aL'identità affermata :$bstoria della Chiesa medievale /$cPier Luigi Guiducci. 260 $aRoma :$bLAS,$c©2010. 300 $a756 p. ;$c24 cm 504 $aIndicazioni bibliografiche. 650 4$aChiesa$xStoria$ySec. VII-XVI.$0(OLS)http://pul/subject/38381 850 $aPUL 852 $aPUL$W1$xSL Religione 3$y85$m270. 5 GUIPI 1$j146989$qDDC 21$B145684$CPULBib$Z2$F145684 $H115351 $82 941 1 $a9 996 $6020$a978-88-213-0764-5$9(OLS)http://pul/number/148515 996 $6082$a270.5$9(OLS)http://pul/classification/2139 996 $6245$aL'identità affermata :$bstoria della Chiesa medievale$9(OLS)http://pul/title/160594 996 $6260$aRoma :$bLAS$9(OLS)http://pul/publisher/48069 LEADER 01332nam a2200313 a 4500 001 000000175734 003 CaOOAMICUS 005 20230209135129.0 008 230209s2012 it u000 u ita r 020 $a978-88-89667-45-3* 032 $aLibriCat 040 $aPUL$bita$d 100 1 $aSchmemann, Alexander.$0(OLS)http://pul/name/35205 240 10$aFor the life of the world.$bItaliano.$0(OLS)http://pul/title/217189 245 10$aPer la vita del mondo :$bil mondo come sacramento /$cAlexander Schmemann. 260 $aRoma :$bLipa S.r.l.,$cc2012. 300 $a191 p. ;$c24 cm 490 1 $aPubblicazioni del Centro Aletti.,$x ;$v 500 $aTraduzione di Maria Campatelli. 650 4$aLiturgia ortodossa.$0(OLS)http://pul/subject/39968 700 1 $aCampatelli, Maria.$0(OLS)http://pul/name/36028 830 0$aPubblicazioni del Centro Aletti.$0(OLS)http://pul/title/57055 850 $aPUL 852 $aPUL$W1$xSL Religione 3$y85$m264. 015 SCHAL 1$j199916$qDDC 21$B204677$CPULBib$Z2$F204677 $H136076 $82 941 1 $a9 996 $6020$a978-88-89667-45-3*$9(OLS)http://pul/number/169030 996 $6245$aPer la vita del mondo :$bil mondo come sacramento$9(OLS)http://pul/title/217188 996 $6260$aRoma :$bLipa S.r.l.$9(OLS)http://pul/publisher/79074